Náš cieľ - rýchle a spoľahlivé spracovanie údajov

Rozhovor s riaditeľom Výpočtového centra NBS Ing. J. Ondrišom. Direktórium NBS sa na svojom rokovaní dňa 20.1.1994 zaoberalo pripravenosťou banky na prevzatie spracovania informácií v systéme ABO (automatizácia bankových operácií) z Centra automatizácie VÚB do vlastnej správy a na zabezpečenie pravi...

Ausführliche Beschreibung

Gespeichert in:
Bibliographische Detailangaben
1. Verfasser: Polónyiová, Alica
Format: Buchkapitel
Sprache:Slowakisch
Schlagworte:
Tags: Tag hinzufügen
Keine Tags, Fügen Sie das erste Tag hinzu!

MARC

LEADER 00000naa a2200000 4500
001 r014830
005 20221205085854.7
041 0 |a slo 
044 |a SK 
245 1 0 |a Náš cieľ - rýchle a spoľahlivé spracovanie údajov  |c Alica Polónyiová 
520 |a Rozhovor s riaditeľom Výpočtového centra NBS Ing. J. Ondrišom. Direktórium NBS sa na svojom rokovaní dňa 20.1.1994 zaoberalo pripravenosťou banky na prevzatie spracovania informácií v systéme ABO (automatizácia bankových operácií) z Centra automatizácie VÚB do vlastnej správy a na zabezpečenie pravidelného denného spracovania účtovníctva a platobného styku NBS. Výpočtové centrum zodpovedalo za včasnú prípravu technických podmienok. 
610 2 0 |a banky 
610 2 0 |a NBS Bratislava 
610 2 0 |a automatizácia 
610 2 0 |a systémy počítačové 
100 1 |a Polónyiová, Alica